| 000 | 01372nam0a22003491 4500 | ||
|---|---|---|---|
| 001 | rc\2233111 | ||
| 005 | 20250623015343.0 | ||
| 035 | _a(NLR Aleph) 006519461 | ||
| 090 |
_a6414428 _c6414428 |
||
| 100 | _a20110826d1979 |||y0rusy50 ca | ||
| 101 | 1 |
_arus _caba |
|
| 102 | _aRU | ||
| 105 | _aa z |||a| | ||
| 200 | 1 |
_aСлово о земле _eСтихи, баллады, поэмы _eПер. с абаз. _fБемурза Тхайцухов _g[Худож. Б. Сопин] |
|
| 210 |
_aМосква _cСовременник _d1979 |
||
| 215 |
_a94 с. _cил. _d16 |
||
| 225 | 1 | _aНовинки "Современника" | |
| 327 | 1 | _aСодерж.: Стихи; Поэмы: Женщины; Слово о земле; Аппассионата | |
| 464 | 0 |
_12001#$aСтихи$aЖенщины$eПоэма$aСлово о земле$eПоэма$aАппассионата$eПоэма _tАппассионата |
|
| 686 |
_aШ5(2=Р)75-657я43 _2rubbk |
||
| 686 |
_aЩ897.56(2)Сопин,Б _2rubbk |
||
| 686 |
_aШ5(2=А)7-65я44 _2rubbk |
||
| 686 |
_a84А _2rubbk |
||
| 700 | 1 |
_aТхайцухов _bБ.Х. _gБемурза Хангериевич |
|
| 702 | 1 |
_aСопин _bБ. _4440 |
|
| 801 | 0 |
_aRU _bNLR _gpsbo |
|
| 801 | 1 |
_aRU _bELAR _2rusmarc |
|
| 852 |
_aNLR _j79-2/1341 |
||
| 899 |
_aRuMoRGB _jB 79-12/593 |
||
| 899 |
_aRuMoRGB _jB 79-12/594 |
||
| 942 | _cBOOK | ||
| 980 | _aNB | ||